Bharatar siksha samasyat dristipat. (Record no. 1711)

MARC details
000 -LEADER
fixed length control field 00502cam a2200193ua 4500
008 - FIXED-LENGTH DATA ELEMENTS--GENERAL INFORMATION
fixed length control field 110811n ii |||gr||||Z||||||asm
020 ## - INTERNATIONAL STANDARD BOOK NUMBER
International Standard Book Number 81-7331-150-1
040 ## - CATALOGING SOURCE
Transcribing agency MAIN
082 ## - DEWEY DECIMAL CLASSIFICATION NUMBER
Classification number 370.54
100 ## - MAIN ENTRY--PERSONAL NAME
Personal name Baruah, Jatin.,
245 1# - TITLE STATEMENT
Title Bharatar siksha samasyat dristipat.
Statement of responsibility, etc. By Jatin Baruah.
250 ## - EDITION STATEMENT
Edition statement 1st.
260 ## - PUBLICATION, DISTRIBUTION, ETC.
Place of publication, distribution, etc. Gowahati:
Name of publisher, distributor, etc. Lawers book stall.,
Date of publication, distribution, etc. 2007.
300 ## - PHYSICAL DESCRIPTION
Extent 486 p.:
Dimensions 23 cm.
942 ## - ADDED ENTRY ELEMENTS (KOHA)
Koha item type Books
653 ## - INDEX TERM--UNCONTROLLED
Uncontrolled term Education.
653 ## - INDEX TERM--UNCONTROLLED
Uncontrolled term Bharatar siksha samasyat dristipat.
Holdings
Withdrawn status Lost status Damaged status Not for loan Home library Current library Shelving location Date acquired Total Checkouts Full call number Barcode Date last seen Copy number Price effective from Koha item type Date last checked out
        Central Library, Naharkatiya College Central Library, Naharkatiya College General Stacks 19/09/2020   370.54 | BAR 18437 19/09/2020 2 19/09/2020 Books  
        Central Library, Naharkatiya College Central Library, Naharkatiya College General Stacks 19/09/2020 1 370.54 | BAR 18438 10/02/2021 4 19/09/2020 Books 29/12/2020
        Central Library, Naharkatiya College Central Library, Naharkatiya College General Stacks 19/09/2020 2 370.54 | BAR 19487 17/05/2024 1 19/09/2020 Books 26/04/2024
        Central Library, Naharkatiya College Central Library, Naharkatiya College General Stacks 19/09/2020   370.54 | BAR 19488 19/09/2020 3 19/09/2020 Books  

Naharkatiya College © 2020. All rights reserved.

Powered By